000 00212 a2200097 4500
001 26013
100 _aHult J
245 _aMechanics of visco elastic media
260 _a
_bMcGraw-Hill
_c
090 _c17608
_d17608
942 _aNUST-CAE
_cM
_c8456
999 _c261086
_d261086